000 01302nam a22002777a 4500
999 _c22360
_d22360
003 AR-CdUCM
008 190425b ||||| |||| 00| 0 spa d
040 _aMUNICIPALIDAD PROVINCIAL DEL CUSCO
_cBIBLIOTECA MUNICIPAL DEL CUSCO
082 _aRev.Anto/N°112/2007
110 _aUniversidad Nacional de San Antonio Abad del Cusco
_915942
245 _aEl Antoniano :
_bRevista científico cultural de la Universidad Nacional de San Antonio Abad del Cusco /
_cHugo Bonet Rodríguez, director
260 _aCusco :
_bUNSAAC,
_c2007.
300 _a169 páginas. :
_bilustraciones ;
_c29 cm.
440 _aEl Antononiano.
_nAño 17, N°112, primer y segundo trimestre 2007.
_947929
500 _aDonación Mesa Redonda Panamericana
505 _aContenido: Consideraciones ambientales en el diseño de plantas. -- Historia de la Física y el Universo. -- El Qosqo en las tintas de Rodolfo Manga. -- El Collao y la revolución Tupacamarista. ...
650 _aFolklore cusqueño
_98693
650 _aIdentidad cultural
_92943
650 _aInkas
_91899
650 _aAntropología cusqueña
_945862
700 _aFlores Ochoa, Jorge
_92915
700 _aZegarra Balcázar, Jorge Miguel
_946952
710 _aUniversidad Nacional de San Antonio Abad del Cusco
_915942
942 _2ddc
_cPP
945 _arac